| 000 | 00700nam a22002297a 4500 | ||
|---|---|---|---|
| 005 | 20170124110202.0 | ||
| 010 | _aA-952476 | ||
| 020 |
_c00.00 _a0074633090 |
||
| 035 | _aA-952476 | ||
| 037 | _bCen Lib/Ret | ||
| 040 |
_aDPL _bEN |
||
| 082 |
_a005.43 _bBOB |
||
| 100 |
_aBobrowski, Steve _936446 |
||
| 245 |
_aOracle8 architecture / _cby Steve Bobrowski |
||
| 260 |
_aNew Delhi _bTata McGraw hill Publishing Company _c1998 |
||
| 270 |
_a7 west patel nagar _bNew Delhi _e110008 |
||
| 300 |
_axxiv, 356p. _c23cm(Hb) |
||
| 500 | _aIncludes index | ||
| 650 |
_aComputer science _936447 |
||
| 650 |
_aProgramming language (Oracle ) _936448 |
||
| 942 |
_2ddc _cEN _h005.43 _mBOB |
||
| 999 |
_c132997 _d132997 |
||